000 00705nam a22002417a 4500
003 UA-OsUOA
001 49290
007 ta
008 20131217b un ||||| |||| 00| 0 ukr d
100 _aТимофіїв М.
090 _a09.-33
_bТ41
942 _cBK
040 _aUA-OsUOA
_bukr
_cUA-OsUOA
_dUA-OsUOA
245 _aЖиди і народнє господарство України
300 _a65 с.
955 _a1
041 _aukr
080 _a09.-33
260 _aВідень
_bІоганбор
_c1923
650 7 _a0 Загальний відділ.
_2UDC
999 _c429390
_d429390